000
00286nam a22001217a 4500
082
_a
621.384 STE'R
100
_a
STERLING, GEORGE E,MONROL, ROBERT B
_9
56593
245
_a
THE RADIO MANUAL
250
_a
4TH
260
_a
NEWYORK
_b
D. VAN NOSTRAND
_c
1956
300
_a
890P
942
_c
BK
999
_c
566975
_d
566975